Tables de logarithmes pour les nombres et pour les sinus. Avec les explications et les usages principaux pour l'astronomie, la gnomonique, la géométrie, la navigation, la géographie, la physique, l'art militaire, l'architecture, l'arpentage, la statistique et les rentes

Saved in:
Bibliographic Details
Main Author: DE LA LANDE [Jérôme]
Format: Unknown
Language:French
Published: Bruxelles Société nationale pour la propagation des bons livres 1858
Edition:édition stéréotype
Textbook Catalogue:MANES:  Library Catalog Search Result
Textbook Classification:
Subjects:
Tags: Add Tag
No Tags, Be the first to tag this record!
Added to:2016-04-26

MARC

LEADER 000000000a22000000004500
001 25597
008 160427s be ||||| |||| 00| 0 fre d
040 |a manes  |c manes 
041 |a Francés 
100 1 |a DE LA LANDE [Jérôme] 
245 0 0 |a Tables de logarithmes pour les nombres et pour les sinus. Avec les explications et les usages principaux pour l'astronomie, la gnomonique, la géométrie, la navigation, la géographie, la physique, l'art militaire, l'architecture, l'arpentage, la statistique et les rentes 
250 |a édition stéréotype 
260 3 |a Bruxelles  |b Société nationale pour la propagation des bons livres  |c 1858 
300 |a 32 p.+tables 
546 |a Bélgica 
650 7 |a Matemáticas;\7  |a Enseñanzas Técnico-Profesionales 
655 7 |a Secundaria 
942 |2 ddc  |c BK 
999 |c 47925  |d 47925 
999 |c manes:47925  |d 47925